Statistics for 1974 FIFA World Cup Results

Click here to take the quiz!

General Stats

  • This quiz has been taken 86 times
    (84 since last reset)
  • The average score is 12 of 16

Answer Stats

Nation % Correct
West Germany
100%
Argentina
98%
Brazil
98%
Italy
94%
Netherlands
92%
Yugoslavia
88%
East Germany
82%
Poland
78%
Chile
73%
Scotland
73%
Sweden
73%
Uruguay
73%
Zaire
69%
Bulgaria
53%
Haiti
53%
Australia
49%

Score Distribution

Percentile by Number Answered

Percent of People with Each Score

Your Score History

You have not taken this quiz since the last reset